000 00662nam a2200217ra 4500
001 20747
003 BD-RjUL
005 20211209000614.0
008 140302s1961 ncuc 00111 eng d
035 _a(BD-RjUL)20809
040 _aBD-RjUL
_beng
_cBD-RjUL
_dBD-RjUL
041 _aeng
082 _a821.6
_bHAN 1961
100 1 0 _aHarper, George Mills.
_964055
245 1 4 _aThe neoplatonism of William Blake /
_cGeorge Mills Harper.
260 0 _aChapel Hill, N.C. :
_bUniversity of North Carolina Press,
_cc1961.
300 _axvi, 324 p. :
_bport.
_c23 cm.
600 1 0 _aBlake, William,
_d1757-1827.
_964063
650 0 _aNeoplatonism.
_964057
942 _2ddc
_cBK
999 _c20747
_d20747